000 00491nam a2200181Ia 4500
005 20250508151326.0
008 008 250505s9999 xx 000 0 eng d
037 _aTextual
040 _aFEDL
_beng
_cFEDL
041 _aeng
_2eng
084 _a371.2, BAS
_qFEDL
100 _aBasu A N
245 0 _aSchool record: With a sample record form and instructions for filling it
260 _c1954
300 _a12p.
942 _cTEXL
_h371.2, BAS
999 _c1329055
_d1329055